Contabilidad y organización de las cooperativas del campo y de crédito / (Record no. 150702)

MARC details
000 -LEADER
campo de control de longitud fija 00602nam a2200169 i 4500
001 - NÚMERO DE CONTROL
campo de control 150702
003 - IDENTIFICADOR DE NÚMERO DE CONTROL
campo de control ES-MaACL
005 - FECHA Y HORA DE LA ÚLTIMA TRANSACCIÓN
campo de control 20230906203641.0
007 - CAMPO FIJO DE DESCRIPCIÓN FÍSICA--INFORMACIÓN GENERAL
campo de control de longitud fija t|
008 - DATOS DE LONGITUD FIJA--INFORMACIÓN GENERAL
campo de control de longitud fija 071106q19501959sp ||||1| spa d
100 1# - ENTRADA PRINCIPAL--NOMBRE DE PERSONA
Nombre de persona Dols Sacristán, Antonio.
9 (RLIN) 45048
245 10 - MENCIÓN DEL TÍTULO
Título Contabilidad y organización de las cooperativas del campo y de crédito /
Mención de responsabilidad, etc. por Antonio Dols Sacristán ; prólogo de Alfonso González Rubio.
260 ## - PUBLICACIÓN, DISTRIBUCIÓN, ETC.
Lugar de publicación, distribución, etc. Castellón :
Nombre del editor, distribuidor, etc. [s.n.,
Fecha de publicación, distribución, etc. 195-?] (
Fabricante Hijos de F. Armengot)
300 ## - DESCRIPCIÓN FÍSICA
Extensión 201 p. ;
Dimensiones 21 cm.
700 1# - ENTRADA AGREGADA--NOMBRE PERSONAL
Nombre de persona González Rubio, Alfonso.
9 (RLIN) 58940
852 ## - LOCALIZACIÓN
Ubicación ES-MaACL
Número de control de estantería C-10927
Sublocalización o colección R.38978
Holdings
Estatus retirado Estado de pérdida Estado de daño No para préstamo Biblioteca de origen Biblioteca actual Ubicación en estantería Fecha de adquisición Fuente de adquisición Total de préstamos Signatura topográfica completa Código de barras Visto por última vez Precio de reemplazo Tipo de ítem Koha
        Biblioteca del Ateneo de Madrid Biblioteca del Ateneo de Madrid Sala Palomar 17/01/2008     C-10927 1157250 23/02/2023 23/02/2023 Libro impreso